1859 1524 1085 1683 1683 1319 1818 1105 1284 1484 1268 1493 1952 1826 1511 1540 1241 1854 1594 1309 1888 1322 1753 1828 1243 1271 1125 1613 1787 1283 1102 1667 1887 1670 1056 1758 1608 1649 1508 1397 1789 1262 1433 1992 1314 1517 1098 1761 1704 1466 1410 1705 1303 1379 1830 1562 1445 1533 1700 1097 1800 1431 1798 1884 1623 1262 1574 1051 1320 1688 1206 1770 1074 1530 1828 1788 1241 1526 1411 1542 1760 1066 1772 1210 1547 1242 1147 1405 1314 1997 1563 1769 1003 1844 1705 1448 1190 1798 1631 BCNSPRNW ULIB Ver.6.0+V

เปลี่ยนเป็นภาษาไทย

Change to English
 แสดงรายละเอียดบรรณานุกรม
  กลับหน้าหลัก

Brief Record : Get Marc (ISO 2709) : E-mail record : QR code < ปิดหน้าต่าง
LEADER : 00000nam 2200000uu 4500
001    13399128529
003     ULIB
008    230831s2565||||th 000 0 tha d
020    ^a9786163813114
060    ^aWS440^bท521ต
110    ^aทีมวิชาการ Life Balance
245    ^aตี๋น้อยติดมือถือ
250    ^aพิมพ์ครั้งที่ 1
260    ^aกรุงเทพฯ :^bLife Balance,^cม.ป.ป.
300    ^a24 หน้า;^c19 ซม.
650    ^aนิทานเด็ก
650    ^aเด็ก-พัฒนาการ
945    ^p49^l0^i010297
999    ^aประนอม เกษจรัล
รายการนี้ยังไม่มีแท็ก
คุณยังไม่ได้ล็อกอิน คุณสามารถมีกิจกรรมร่วมกับเว็บไซต์ได้ แต่ต้องล็อกอินก่อน ::
  ล็อกอิน

รายการสื่อสารสนเทศ

ลำดับที่ ประเภท เลขเรียก/บาร์โค้ด สถานที่ สถานะ
1. วิทยาศาสตร์การแพทย์ และสุขภาพ
วิทยาศาสตร์การแพทย์ และสุขภาพ
WS440 ท521ต ฉ.1 
  Barcode: 010297
ห้องสมุดวิทยาเขตสวรรค์ประชารักษ์
►หนังสือทั่วไป
บนชั้น

รายการใกล้เคียง
    ชื่อเรื่อง [ตี๋น้อยติดมือถือ]

    หัวเรื่อง [นิทานเด็ก]
    หัวเรื่อง [เด็ก-พัฒนาการ]

BibComment


ยังไม่เคยถูกคอมเมนท์

คอมเมนท์ทรัพยากรรายการนี้
  คอมเมนท์: ตี๋น้อยติดมือถือ


 Copyright 2026. Bcnsprnw @Library